|
|
|
|
| LEADER |
00000naa2a2200000 4500 |
| 001 |
222659 |
| 005 |
20260218161746.0 |
| 035 |
|
|
|a (RuTPU)RU\TPU\book\242874
|
| 035 |
|
|
|a RU\TPU\book\242871
|
| 090 |
|
|
|a 222659
|
| 100 |
|
|
|a 20120927d2011 k y0rusy50 ca
|
| 101 |
0 |
|
|a rus
|
| 102 |
|
|
|a RU
|
| 135 |
|
|
|a drnn ---uucaa
|
| 181 |
|
0 |
|a i
|
| 182 |
|
0 |
|a b
|
| 200 |
1 |
|
|a Определение максимальной коммутационной способности элегазового выключателя высокого напряжения с помощью численного моделирования процессов дугогашения
|f А. С. Ильин
|
| 203 |
|
|
|a Текст
|c электронный
|
| 215 |
|
|
|a 1 файл (254 Кб)
|
| 300 |
|
|
|a Заглавие с титульного листа
|
| 300 |
|
|
|a Электронная версия печатной публикации
|
| 337 |
|
|
|a Adobe Reader
|
| 463 |
|
1 |
|0 (RuTPU)RU\TPU\book\241205
|t Энергетика: эффективность, надёжность, безопасность
|o материалы XVII Всероссийской научно-технической конференции, Томск, 7-9 декабря 2011 г.
|f Национальный исследовательский Томский политехнический университет (ТПУ)
|v [С. 31-33]
|d 2011
|
| 610 |
1 |
|
|a элегазовые выключатели
|
| 610 |
1 |
|
|a высокое напряжение
|
| 610 |
1 |
|
|a численное моделирование
|
| 610 |
1 |
|
|a электрическая дуга
|
| 610 |
1 |
|
|a гашение
|
| 610 |
1 |
|
|a уравнения
|
| 610 |
1 |
|
|a коммутационная способность
|
| 610 |
1 |
|
|a электронный ресурс
|
| 700 |
|
1 |
|a Ильин
|b А. С.
|
| 801 |
|
1 |
|a RU
|b 63413507
|c 20120926
|
| 801 |
|
2 |
|a RU
|b 63413507
|c 20130128
|g RCR
|
| 856 |
4 |
|
|u http://www.lib.tpu.ru/fulltext/v/Conferences/2011/K06/116010.pdf
|
| 942 |
|
|
|c CF
|